00457nam a2200193Ia 4500003000900000008004100009040001300050040001300063041000800076100002200084245003500106250002000141260001700161260000900178300001200187300001200199490004400211490000800255IT-RoPAU120407s9999 xx 000 0 und d aIT-RoPAU cIT-RoPAU aita aPietro Metastasio aOpere. A cura di Mario Fubini. aMilano - Napoli aR. Ricciardi c1968 a1176 p. c22,5 cm aLa letteratura Italiana, Storia e Testi v141